<?xml version="1.0" encoding="UTF-8"?>
<record
    xmlns:xsi="http://www.w3.org/2001/XMLSchema-instance"
    xsi:schemaLocation="http://www.loc.gov/MARC21/slim http://www.loc.gov/standards/marcxml/schema/MARC21slim.xsd"
    xmlns="http://www.loc.gov/MARC21/slim">

  <leader>01925nam a2200241Ia 4500</leader>
  <controlfield tag="008">120625s2008    mx aop|g      001 0 spa d</controlfield>
  <datafield tag="020" ind1=" " ind2=" ">
    <subfield code="a">10: 9701063775</subfield>
  </datafield>
  <datafield tag="020" ind1=" " ind2=" ">
    <subfield code="a">13: 9789701063774</subfield>
  </datafield>
  <datafield tag="050" ind1=" " ind2="4">
    <subfield code="a">QC23.2 </subfield>
    <subfield code="b">G7518 2008</subfield>
  </datafield>
  <datafield tag="100" ind1="1" ind2=" ">
    <subfield code="a">Griffith, W. Thomas.</subfield>
    <subfield code="e">, autor.</subfield>
    <subfield code="9">4004</subfield>
  </datafield>
  <datafield tag="240" ind1="1" ind2="0">
    <subfield code="a">Phenomena: the Physics of everyday: a conceptual introduction to physics. </subfield>
    <subfield code="l">Espa&#xF1;ol.</subfield>
  </datafield>
  <datafield tag="245" ind1="1" ind2="0">
    <subfield code="a">F&#xED;sica conceptual </subfield>
    <subfield code="c">/ W. Thomas Griffith ; revisi&#xF3;n t&#xE9;cnica, Ana Elizabeth Garc&#xED;a Hern&#xE1;ndez ; traducci&#xF3;n, Lorena Peralta Rosales.</subfield>
  </datafield>
  <datafield tag="260" ind1="3" ind2=" ">
    <subfield code="a">M&#xE9;xico </subfield>
    <subfield code="b"> : McGraw-Hill</subfield>
    <subfield code="c"> , 2008.</subfield>
  </datafield>
  <datafield tag="300" ind1=" " ind2=" ">
    <subfield code="a">xx, 506 p.:  </subfield>
    <subfield code="b">il. fot. col.; </subfield>
  </datafield>
  <datafield tag="500" ind1=" " ind2=" ">
    <subfield code="a">Preparatoria UNAM / F&#xED;sica III (1401) / (05 000017; 05 000103)
CCH/UNAM / F&#xCD;SICA II (1402) /(05 000017-05 000103)
</subfield>
  </datafield>
  <datafield tag="500" ind1=" " ind2=" ">
    <subfield code="a">Traducci&#xF3;n de: Phenomena the physics of everyday a conceptual introductions to physics.</subfield>
  </datafield>
  <datafield tag="502" ind1=" " ind2=" ">
    <subfield code="a">Incluye glosario (p.487-496)
Incluye &#xED;ndice anal&#xED;tico (p. 499-506)</subfield>
  </datafield>
  <datafield tag="505" ind1="1" ind2=" ">
    <subfield code="a">La revoluci&#xF3;n Newtoniana
Descripci&#xF3;n del movimiento 
Ca&#xED;da de cuerpos y movimiento de proyectiles
Leyes de Newton: explicaci&#xF3;n del movimiento
Movimiento circular, los planetas y la gravedad
Energ&#xED;a y oscilaciones
Impulso y cantidad de movimiento
Movimiento rotacional de cuerpos r&#xED;gidos 
Fluidos y calor 
Comportamiento de los fluidos 
Temperatura y calor
M&#xE1;quinas t&#xE9;rmicas y segunda ley de la termodin&#xE1;mica Electricidad y magnetismo 
Fen&#xF3;meno electrost&#xE1;tico
Circuitos el&#xE9;ctricos
Imanes y electromagnetismo
Movimiento ondulatorio y &#xF3;ptico
Formaci&#xF3;n de ondas
Ondas de luz y calor
Luz y formaci&#xF3;n de im&#xE1;genes
El &#xE1;tomo y su n&#xFA;cleo
Estructura del &#xE1;tomo
El n&#xFA;cleo y la energ&#xED;a nuclear
Relatividad y m&#xE1;s all&#xE1; 
M&#xE1;s all&#xE1; de los fen&#xF3;menos cotidianos.</subfield>
  </datafield>
  <datafield tag="650" ind1="1" ind2="4">
    <subfield code="a">F&#xCD;SICA</subfield>
    <subfield code="x">LIBROS DE TEXTO</subfield>
    <subfield code="9">4005</subfield>
  </datafield>
  <datafield tag="700" ind1="1" ind2=" ">
    <subfield code="a">Peralta Rosales, Lorena, </subfield>
    <subfield code="e">traductor</subfield>
    <subfield code="9">4006</subfield>
  </datafield>
  <datafield tag="700" ind1="1" ind2=" ">
    <subfield code="a">Garc&#xED;a Hern&#xE1;ndez, Ana Elizabeth, </subfield>
    <subfield code="e">Revisi&#xF3;n t&#xE9;cnica.</subfield>
    <subfield code="9">4007</subfield>
  </datafield>
  <datafield tag="942" ind1=" " ind2=" ">
    <subfield code="c">LB</subfield>
  </datafield>
  <datafield tag="952" ind1=" " ind2=" ">
    <subfield code="0">0</subfield>
    <subfield code="1">0</subfield>
    <subfield code="2">lcc</subfield>
    <subfield code="4">0</subfield>
    <subfield code="7">0</subfield>
    <subfield code="a">04</subfield>
    <subfield code="b">04</subfield>
    <subfield code="d">2012-02-01</subfield>
    <subfield code="l">1</subfield>
    <subfield code="o">QC23.2  G7518 2008</subfield>
    <subfield code="p">05 000017</subfield>
    <subfield code="r">2023-02-02</subfield>
    <subfield code="s">2014-12-15</subfield>
    <subfield code="t">1</subfield>
    <subfield code="w">2012-06-24</subfield>
    <subfield code="y">LB</subfield>
  </datafield>
  <datafield tag="952" ind1=" " ind2=" ">
    <subfield code="0">0</subfield>
    <subfield code="1">0</subfield>
    <subfield code="2">lcc</subfield>
    <subfield code="4">0</subfield>
    <subfield code="7">0</subfield>
    <subfield code="a">04</subfield>
    <subfield code="b">04</subfield>
    <subfield code="d">2012-02-01</subfield>
    <subfield code="l">1</subfield>
    <subfield code="o">QC23.2  G7518 2008</subfield>
    <subfield code="p">05 000103</subfield>
    <subfield code="r">2023-02-02</subfield>
    <subfield code="s">2012-11-30</subfield>
    <subfield code="t">2</subfield>
    <subfield code="w">2012-06-24</subfield>
    <subfield code="y">LB</subfield>
  </datafield>
  <datafield tag="999" ind1=" " ind2=" ">
    <subfield code="c">63451</subfield>
    <subfield code="d">63451</subfield>
  </datafield>
</record>
